Josep Pla : escriptor i periodista escriptor i periodista
Publicado:
Barcelona :
Generalitat de Catalunya. Entitat Autònoma del Diari Oficial i de Publicacions : Institució de les Lletres Catalanes ,
1991
Descripción Física:
135 p. : il. ; 32 cm
Materias:
Pla, Josep
MARC
| LEADER | 00000nam a2200000Ia 4500 | ||
|---|---|---|---|
| 001 | 9354 | ||
| 008 | 160829s1991 xx 000 0 cat d | ||
| 080 | |a FOL-1-43 | ||
| 100 | |a Pla, Josep |9 35218 | ||
| 245 | |a Josep Pla : |b escriptor i periodista | ||
| 260 | |a Barcelona : |b Generalitat de Catalunya. Entitat Autònoma del Diari Oficial i de Publicacions : |b Institució de les Lletres Catalanes, |c 1991 | ||
| 300 | |a 135 p. : |b il. ; |c 32 cm | ||
| 650 | |a Pla, Josep |9 35218 | ||
| 710 | 1 | |a Catalunya. |b Generalitat |9 12125 | |
| 710 | 2 | |a Institució de les Lletres Catalanes |9 52977 | |
| 901 | |a Arxiu | ||
| 942 | |n 1 | ||
| 952 | |0 0 |1 0 |4 0 |6 FOL143 |7 1 |9 46817 |a Arxiu |b Arxiu |d 2016-12-01 |l 0 |o FOL-1-43 |p 9354 |r 2016-12-01 00:00:00 |w 2016-12-01 |y ARXIU | ||
| 999 | |c 50610 |d 50610 | ||